00350nam a2200145Ia 4500008004100000020001500041041000800056082001500064100001800079245002900097250000600126260003300132300001200165650002700177210716s1983 xx 000 0 und d a007Y665087 aeng a006.3 RICE aRich, Elaine. aArtificial intelligence. a1 aNew DelhibMcGraw Hillc1983 axii,436 aArtifical Intelligence